Lay All Your Love On Me - Mamma Mia - Statistics

General Stats
  • This quiz has been taken 538 times
  • The average score is 156 of 222
Answer Stats
% Correct
a
99%
A
99%
You
99%
you.
99%
you
99%
me.
98%
me
98%
on
98%
all
97%
Lay
97%
lay
97%
Love
97%
love
97%
your
97%
Your
97%
I
95%
i
95%
was
95%
do?
93%
go
93%
Don't
91%
Dont
91%
dont
91%
emotion,
91%
emotion
91%
wasting
89%
is
85%
Is
85%
every
82%
we
82%
now
81%
it
80%
before
79%
met.
79%
see
79%
and
77%
jealous
77%
wasn't
76%
potential
74%
threat.
74%
man
72%
my
70%
isnt
69%
that
68%
true,
68%
everything
67%
of
66%
But
65%
only
65%
beg
63%
like
63%
vice.
63%
shooting
62%
nice.
61%
devotion
60%
new.
60%
new,
60%
i've
58%
ive
58%
duck,
57%
so
57%
what
57%
im
56%
little
56%
sharing
56%
baby
55%
heard
55%
know
53%
to
53%
done
50%
easily.
50%
never
50%
overturned,
50%
overturned
50%
saying
50%
small
50%
talk,
50%
you've
50%
smile
49%
stuck.
49%
fall
48%
have
48%
the
48%
up
48%
has
46%
learn,
46%
learn
46%
should
46%
grown
45%
possessive,
44%
still
44%
when
44%
feel
43%
near.
43%
with
40%
had
39%
dear
38%
kind
38%
pride,
38%
can
37%
fear,
37%
affairs,
35%
few
34%
think
34%
they
33%
didnt
32%
last
30%
long
30%
used
29%
very
29%
sensible.
28%
even
27%
more
27%
skip
27%
truth
27%
unsatisfied,
27%
been
26%
incomprehensible.
25%
makes
23%
pretty
23%
scarce.
22%
they've
20%
'Cause
13%
Lay
11%
woman
11%
dont
2%
Smoking
2%
it
1%
everything
0%
sitting
0%
No matching quizzes found
Score Distribution
Percent of People with Each Score
Percentile by Number Answered
Your Score History
You have not taken this quiz